MARC

LEADER 00000nam0a2200000 4500
001 276496
005 20231101234927.0
035 |a (RuTPU)RU\TPU\book\299768 
090 |a 276496 
100 |a 20141124d1978 km y0rusy50 ca 
101 0 |a rus 
102 |a RU 
105 |a a z 001zy 
200 1 |a Станки для алмазного поискового буренмя  |f В. К. Кардыш 
210 |a Ленинград  |c Недра  |d 1978 
215 |a 112 с.  |c ил. 
225 1 |a Библиотека мастера алмазного бурения 
320 |a Библиогр.: с. 112. 
606 1 |a Бурение разведочное, алмазное  |2 stltpush  |3 (RuTPU)RU\TPU\subj\30373  |9 53491 
610 1 |a буровые станки 
610 1 |a буровые установки 
610 1 |a технические средства 
610 1 |a эксплуатация 
675 |a 550.822.7:622.243  |v 3 
700 1 |a Кардыш  |b В. К.  |g Вадим Григорьевич 
801 1 |a RU  |b 63413507  |c 20141124 
801 2 |a RU  |b 63413507  |c 20150317  |g RCR 
942 |c BK